LEADER 01443nam0-2200481---450- 001 990000069240203316 005 20081203160619.0 010 $a88-464-2008-X 035 $a0006924 035 $aUSA010006924 035 $a(ALEPH)000006924USA01 035 $a0006924 100 $a20000914d2000----|||y0itay0103----ba 101 0 $aita 102 $ait 105 $a||||||||001yy 200 1 $aConoscere il telelavoro$ecaratteristiche, esperienze, guida all'utilizzo$fSergio Campodall'Orto 210 $aMilano$cF. Angeli$dcopyr. 2000 215 $a224 p.$d23 cm 610 $aTelelavoro 676 $a331.25 700 1$aCAMPODALL'ORTO,$bSergio$0291887 701 1$aGORI,$bMassimo$0493892 801 $aIT$bSALBC$gISBD 912 $a990000069240203316 951 $a331.25 CAM 1 (IRA 10 41)$b8061 E. C.$cIRA 10$d00003314 959 $aBK 969 $aECO 979 $c20000914$lUSA01$h1731 979 $c20001019$lUSA01$h1055 979 $c20001019$lUSA01$h1453 979 $c20001019$lUSA01$h1500 979 $c20001019$lUSA01$h1538 979 $c20001024$lUSA01$h1514 979 $c20001027$lUSA01$h1518 979 $c20001027$lUSA01$h1523 979 $c20001110$lUSA01$h1709 979 $c20001124$lUSA01$h1207 979 $c20020403$lUSA01$h1614 979 $aPATRY$b90$c20040406$lUSA01$h1606 979 $aRSIAV2$b90$c20081203$lUSA01$h1606 996 $aConoscere il telelavoro$9445954 997 $aUNISA LEADER 01468nas 2200481-a 450 001 996202382603316 005 20240413021642.0 035 $a(CKB)963018277150 035 $a(CONSER)---96646933- 035 $a(EXLCZ)99963018277150 100 $a19931102b19932001 k-- a 101 0 $aeng 181 $ctxt$2rdacontent 182 $cc$2rdamedia 183 $acr$2rdacarrier 200 00$aAdvertising age's creativity 210 $aNew York? $c[Crain Communications]$d1993-2001 215 $a1 online resource 300 $aTitle from cover. 311 08$aPrint version: Advertising age's creativity. 1072-9119 (DLC) 96646933 (OCoLC)29236095 517 3 $aCreativity 531 $aADVERTISING AGES CREATIVITY 531 0 $aAdvert. age's creat. 606 $aAdvertising$vPeriodicals 606 $aCommercial art$vPeriodicals 606 $aPublicité$vPériodiques 606 $aArt publicitaire$vPériodiques 606 $aAdvertising$2fast$3(OCoLC)fst00797511 606 $aCommercial art$2fast$3(OCoLC)fst00869331 608 $aPeriodicals.$2fast 608 $aPeriodicals.$2lcgft 615 0$aAdvertising 615 0$aCommercial art 615 6$aPublicité 615 6$aArt publicitaire 615 7$aAdvertising. 615 7$aCommercial art. 676 $a659.1/05 906 $aJOURNAL 912 $a996202382603316 920 $aexl_impl conversion 996 $aAdvertising age's creativity$92558999 997 $aUNISA